000 01142cam a22003737a 4500
003 CHAP
005 20220817043627.0
008 000225d1999 it rn 00110 eng d
010 _a80103
011 _a81075
020 _a9251040850
035 _a91535
040 _cCHAP
082 0 4 _a348.4
_bF3 v.62
110 2 _aFAO
245 1 0 _aNew principles of phytosanitary legislation
_c/by Sandrine Durand and Jean-Pierre Chiaradia-Bousquet
260 _aRome :
_bFAO,
_c1999.
300 _a90 p. :
410 _aFAO
490 0 _aFAO. Estudio legislativo
_v; 62
590 _aBATCH-UPD
_b10
_c20130110
_lUCH01
_h0108
590 _aBATCH-UPD
_b10
_c20130110
_lUCH01
_h0557
590 _aBATCH-UPD
_b10
_c20130110
_lUCH01
_h2302
590 _aCONVERSION
_b10
_c20130109
_lUCH01
_h1344
650 1 4 _aSanidad vegetal
_xLeyes.
_9102230
700 0 _aChiaradia Bousquet, Jean Pierre.
700 0 _aDurand, Sandrine.
_934548
810 0 _aFAO
830 0 0 _aFAO. Estudio legislativo
_v; 62
_939542
901 _aBK
905 _aPatricia Mendoza P.
942 _cLIBRO
949 _a348.4 F3 v.62
_bBC
_cFAO
_d33724000758124
_eFAO1
_h97338
_i91535
_sb
999 _c80103
_d80103